Zásady medzinárodných obchodných zmlúv

Salvato in:
Dettagli Bibliografici
Ente Autore: UNIDROIT. Medzinárodný ústav pre zjednotenie súkromného práva
Altri autori: Švidroň, Ján
Natura: Libro
Lingua:slovacco
Pubblicazione: Bratislava IURA EDITION 1996
Edizione:1. vyd.
Soggetti:
Tags: Aggiungi Tag
Nessun Tag, puoi essere il primo ad aggiungerne!!

MARC

LEADER 00000nam a2200000 4500
001 c015491
005 20221214072437.7
020 |a 80-88715-21-0 
041 0 |a slo 
044 |a SK 
245 1 0 |a Zásady medzinárodných obchodných zmlúv  |c Prekl. Ján Švidroň 
250 |a 1. vyd. 
264 1 |a Bratislava  |b IURA EDITION  |c 1996 
300 |a 324 s. 
610 2 0 |a zmluvy medzinárodné 
610 2 0 |a zmluvy obchodné 
610 2 0 |a právo 
610 2 0 |a dohody medzinárodné 
610 2 0 |a UNIDROIT 
700 1 |a Švidroň, Ján 
710 2 |a UNIDROIT. Medzinárodný ústav pre zjednotenie súkromného práva